00909nas a2200229Ia 4500001001100000003000900011008004100020040001300061040001300074041001300087100004200100210001200142222001200154245014900166250001100315260002200326501008600348300001700434362003500451500015000486650004300636R142/E3746IT-RoPAU151124c99999999xx |||||||||||| ||und|| aIT-RoPAU cIT-RoPAU aFRANCESE aCorner JohngCodice Aut. SPICS: 6388 aRESEAUX aReseaux aRESEAUX, N.079 (SETTEMBRE/OTTOBRE 1996)bSens, Genre Et Contexte: la Problematique Du "Savoir Public"- Dans Les Nouvelles Etudes De la Reception a1a ed. aPARISbCNETc1996 bPaulus - SPICS - Società San Paolo EM (non-commercial uses only)cCopyright2015 a21 p. [9-29] aN.079 (SETTEMBRE/OTTOBRE 1996) aSenso, Genere e Contesto: Problematica del Sapere Pubblico Nei Nuovi Studidella Ricezione. Telespettatori, Consumatori e Cittadini. Bibliografia. aCOMUNICAZIONEvPUBBLICAZIONE PERIODICA